书目信息 |
| 题名: |
公路工程集料试验规程
|
|
| 作者: | ;中华人民共和国交通部批准 ;交通部公路科学研究所 , 交通部公路科学研究所 主编 ;中华人民共和国交通部 批准 | |
| 分册: | ||
| 出版信息: | 北京 人民交通出版社 2005.06 |
|
| 页数: | 137页 | |
| 开本: | 30cm | |
| 丛书名: | 中华人民共和国行业标准 | |
| 单 册: | ||
| 中图分类: | U414.103-65 | |
| 科图分类: | ||
| 主题词: | 道路工程--dao lu gong cheng--工程材料--试验--规程--中国 | |
| 电子资源: | ||
| ISBN: | ||
| 000 | 01581nam 2200337 450 | |
| 001 | 010254019139 | |
| 005 | 20140506154242.48 | |
| 010 | @dCNY30.00 | |
| 091 | @a15114·0829@dCNY30.00 | |
| 094 | @aCN@bJTG42-2005 | |
| 100 | @a20050715d2005 km y0chiy0120 ea | |
| 101 | 0 | @achi |
| 102 | @aCN@b110000 | |
| 105 | @aa l 000yy | |
| 200 | 1 | @a公路工程集料试验规程@Agong lu gong cheng ji liao shi yan gui cheng@d= Test methods of aggregate for highway engineering@f交通部公路科学研究所主编@Fjiao tong bu gong lu ke xue yan jiu suo zhu bian@g中华人民共和国交通部批准@Gzhong hua ren min gong he guo jiao tong bu pi zhun@zeng |
| 210 | @a北京@c人民交通出版社@d2005.06 | |
| 215 | @a137页@c图@d30cm | |
| 225 | 2 | @a中华人民共和国行业标准@Azhong hua ren min gong he guo hang ye biao zhun |
| 300 | @a本标准2005-03-03发布;2005-08-01实施 | |
| 300 | @a标准号JTG E42-2005 | |
| 330 | @a本书为中华人民共和国交通部发布的行业标准,其内容包括公路工程集料试验规程。 | |
| 410 | 0 | @12001 @a中华人民共和国行业标准 |
| 510 | 1 | @aTest methods of aggregate for highway engineering@zeng |
| 606 | 0 | @a道路工程@Adao lu gong cheng@x工程材料@x试验@x规程@y中国 |
| 690 | @aU414.103-65@v4 | |
| 702 | 0 | @a中华人民共和国交通部批准@Azhong hua ren min gong he guo jiao tong bu pi zhun |
| 711 | 02 | @a交通部公路科学研究所@Ajiao tong bu gong lu ke xue yan jiu suo@4主编 |
| 711 | 0 | @a交通部公路科学研究所@Ajiao tong bu gong lu ke xue yan jiu suo@4主编 |
| 712 | 02 | @a中华人民共和国交通部@Azhong hua ren min gong he guo jiao tong bu@4批准 |
| 801 | 0 | @aCN@c20051221 |
| 905 | @a10447@dU414.103-65@eJ614 | |
| 公路工程集料试验规程= Test methods of aggregate for highway engineering/交通部公路科学研究所主编/中华人民共和国交通部批准.-北京:人民交通出版社,2005.06 |
| 137页:图;30cm.-(中华人民共和国行业标准) |
| 本标准2005-03-03发布;2005-08-01实施.-标准号JTG E42-2005 |
| ISBN :CNY30.00 |
| 本书为中华人民共和国交通部发布的行业标准,其内容包括公路工程集料试验规程。 |
| ● |
| 相关链接 |
|
|
|
正题名:公路工程集料试验规程
索取号:U414.103-65/J614
 
预约/预借
| 序号 | 登录号 | 条形码 | 馆藏地/架位号 | 状态 | 备注 |
| 1 | 486141 | 204861417 | 土木与交通工程学院资料室/ [索取号:U414.103-65/J614] | 在馆 | |
| 2 | 493487 | 204934875 | 土木与交通工程学院资料室/ [索取号:U414.103-65/J614] | 在馆 | |
| 3 | 493488 | 204934884 | 土木与交通工程学院资料室/ [索取号:U414.103-65/J614] | 在馆 | |
| 4 | 493489 | 204934893 | 土木与交通工程学院资料室/ [索取号:U414.103-65/J614] | 在馆 | |
| 5 | 493490 | 204934900 | 土木与交通工程学院资料室/ [索取号:U414.103-65/J614] | 在馆 | |
| 6 | 493491 | 204934919 | 土木与交通工程学院资料室/ [索取号:U414.103-65/J614] | 在馆 | |
| 7 | 578844 | 205788441 | 土木与交通工程学院资料室/土木与交通学院资料室 1排1列1层/ [索取号:U414.103-65/J614] | 在馆 | |
| 8 | 578845 | 205788450 | 自科库501/501自科库 51排7列1层/ [索取号:U414.103-65/J614] | 在馆 | |
| 9 | 578846 | 205788469 | 土木与交通工程学院资料室/土木与交通学院资料室 1排1列1层/ [索取号:U414.103-65/J614] | 在馆 |